000 00702cam a22002052a 4500
001 009712
003 AR-FADEU
008 311216n1966####xxu####################dd
092 _a380.91
_bB981
_eBLYNK
100 _aButter, George D.
245 _aPrincipios y métodos de recreación para la comunidad
260 _aBuenos Aires
260 _bBibliográfica Omeba
260 _c1966
300 _a2 v
440 _aAmérica en letras
500 _aIncluye bibliografía. La biblioteca posee: Tomo 1 y 2
650 _aRECREACION; TECNICAS RECREACIONALES; PROGRAMAS RECREACIONALES; ARTESANIAS; TEATRO; MUSICA; JARDINERIA; DEPORTE; INSTALACIONES RECREATIVAS; ATLETISMO/BLYNK/
942 _cBLYNK
999 _c15508
_d15508